Virgil
Αποθηκεύτηκε σε:
| Κύριος συγγραφέας: | |
|---|---|
| Άλλοι συγγραφείς: | |
| Μορφή: | Βιβλίο |
| Γλώσσα: | English Latin |
| Δημοσίευση: |
Cambridge, Mass. ; : London, England :
Harvard University Press, Heinemann,
1986-1994
|
| Έκδοση: | Rev. ed. |
| Σειρά: | Loeb classical library ;
; 63-64 |
| Θέματα: | |
| Ετικέτες: |
Προσθήκη ετικέτας
Δεν υπάρχουν, Καταχωρήστε ετικέτα πρώτοι!
|
MARC
| LEADER | 00000nam a2200000 i 4500 | ||
|---|---|---|---|
| 001 | 1/68199 | ||
| 008 | 960620m19861994 eng d | ||
| 020 | |a 0-674-99071-4 (τ.2) | ||
| 020 | |a 0-674-99070-6 (τ.1) | ||
| 035 | |l 10030149 | ||
| 040 | |a GR-MY-UA |b gre |e aacr | ||
| 041 | 0 | |a eng |a lat | |
| 082 | 0 | |a 871.01 |2 (22) | |
| 100 | 1 | |a Virgil. | |
| 245 | 1 | 0 | |a Virgil / |c Virgil ; μετάφραση: H.R. Fairclough |
| 250 | |a Rev. ed. | ||
| 260 | |a Cambridge, Mass. ; : |a London, England : |b Harvard University Press, |b Heinemann, |c 1986-1994 | ||
| 300 | |a 2τ. (584 ;xvi,593 σ.); |c 17 εκ. | ||
| 490 | 1 | |a Loeb classical library |v ; 63-64 | |
| 500 | |a Αναθεωρημένη έκδοση του 2ου τόμου. | ||
| 505 | 0 | |a τ.1: Eclogues, Georgics, Aeneid I-VI.--τ.2: Aeneid VII-XII, The minor poems | |
| 600 | 0 | 0 | |a Virgil |x Translations into English. |
| 650 | 0 | 0 | |a Didactic poetry, Latin. |
| 650 | 0 | 0 | |a Pastoral poetry, Latin. |
| 650 | 0 | 0 | |a Epic poetry, Latin |x Translations into English. |
| 650 | 0 | 0 | |a Legends |z Rome |x Poetry. |
| 650 | 0 | 0 | |a Country life |x Poetry. |
| 700 | 1 | |a Fairclough, Henry Rushton |d 1862- |4 trl | |
| 740 | 0 | 2 | |a Eclogues |
| 740 | 0 | 2 | |a Georgics |
| 740 | 0 | 2 | |a Aeneid I-VI |
| 740 | 0 | 2 | |a Aeneid VII-XII |
| 740 | 0 | 2 | |a The minor poems |
| 830 | 0 | |a Loeb classical library ; |v ; 63-64 | |
| 852 | |a INST |b CHIOS |e 19960620 |h 871.01 VIR |p 005200003755 |q 005200003755 |t BK |y 0 |z τ.1 | ||
| 852 | |a INST |b CHIOS |e 19960620 |h 871.01 VIR |p 005200007694 |q 005200007694 |t BK |y 0 |z τ.2 | ||
| 852 | |a INST |b CHIOS |e 19960620 |h 871.01 VIR |p 005200003755 |q 005200003755 |t BK |v τ.1: |y 0 |z τ.1 | ||
| 852 | |a INST |b CHIOS |e 19960620 |h 871.01 VIR |p 005200007694 |q 005200007694 |t BK |v τ.2: |y 0 |z τ.2 | ||
| 853 | |a INST |b CHIOS |h 871.01 VIR | ||
| 909 | |a Χ |b 031457 | ||
| 909 | |a Χ |b 037498 | ||
| 922 | |a 2ΕΛΗ |b 199311 |c ΦΡΑΓΚΟΜΙΧΑΛΟΣ |d LEADER BOOKS | ||
| 922 | |a 2ΕΛΗ |b 199412 |c ΦΡΑΓΚΟΜΙΧΑΛΟΣ |d LEADER BOOKS | ||